000 00528cam a22002171 4500
001 sa 64006205
003 DLC
005 20260227112038.0
008 900202s1964 ii 000 0 hino
010 _asa 64006205
035 _a(OCoLC)20989485
040 _aDLC
_cWaU
_dDLC
042 _apremarc
050 0 0 _aPK2098.P7
_bZ9
100 1 _aTālavāra, Nirmala,
_d1928-
245 1 0 _aPrasāda.
260 _c[1964]
300 _a2, 2, 315 p.
_c23 cm.
500 _aIn Hindi.
600 1 0 _aPrasad, Jai Shankar,
_d1889-1937.
999 _c59575
_d59575